000
00306nam a2200097Ia 4500
008
240331s9999 xx 000 0 und d
082
_b
NIN
100
_a
CENWOR. ed
245
0
_a
Ninth national convention on women's studies :
_b
governance,gender based violence,information technologyconflict,women
942
_c
L
999
_c
5603
_d
5603